Historicko-teoretický prístup k životnému poisteniu

Príspevok rozoberá životné poistenie prostredníctvom historicko-teoretického prístupu s cieľom osadiť životné poistenie do teoretického rámca pri súčasnom zhodnotení historického vývoja tohto poistenia. Autorka sa pokúša aj o definovanie životného poistenia s cieľom rozvinúť diskusiu k tejto významn...

Descripción completa

Guardado en:
Detalles Bibliográficos
Autor principal: Pastoráková, Erika, 1972-
Formato: Capítulo de libro
Lenguaje:eslovaco
Materias:
Etiquetas: Agregar Etiqueta
Sin Etiquetas, Sea el primero en etiquetar este registro!

MARC

LEADER 00000nla a2200000 4500
001 0190974
005 20240502073218.4
041 0 |a slo 
044 |a SK 
245 1 0 |a Historicko-teoretický prístup k životnému poisteniu  |c Erika Pastoráková 
520 |a Príspevok rozoberá životné poistenie prostredníctvom historicko-teoretického prístupu s cieľom osadiť životné poistenie do teoretického rámca pri súčasnom zhodnotení historického vývoja tohto poistenia. Autorka sa pokúša aj o definovanie životného poistenia s cieľom rozvinúť diskusiu k tejto významnej súčasti poistenia. 
610 2 0 |a poistenie životné 
610 2 0 |a vývoj 
610 2 0 |a história 
610 2 0 |a definície 
100 1 |a Pastoráková, Erika, 1972-